00537 2200181 4500001002100000005001700021008004100038020002200079035002900101090001600130100001700146245004100163250001000204260002800214300001900242650003000261990006400291INLIS00000000002447020151130095027.0  a978-979-020-279-5 a##a0010-111500000000526 a665.5 Rus m aRusdy Abidin aMembuat Bensin dari UbibSeri Etanol aCet 1 aJakartabIndocampc2013 a24 hlm ; 21 cm aTeknologi Industri Bensin a33992/Pusdacil/2015,33993/Pusdacil/2015,33994/Pusdacil/2015